[Event "CZE-chT2E 1516"]
[Site "Czech Republic"]
[Date "2015.11.08"]
[Round "2.1"]
[White "Sevcik, Vladimir"]
[Black "Gasa, Andrej"]
[Result "1-0"]
[WhiteElo "2224"]
[BlackElo "2294"]
[PlyCount "63"]
[EventDate "2015.10.18"]
[EventType "team-tourn"]
[EventRounds "11"]
[EventCountry "CZE"]
[SourceTitle "EXT 2022"]
[Source "ChessBase"]
[SourceDate "2021.10.06"]
[SourceVersion "1"]
[SourceVersionDate "2021.10.06"]
[SourceQuality "1"]
[WhiteTeam "Brno Duras II"]
[BlackTeam "Prusanky Podluzan"]
[WhiteTeamCountry "CZE"]
[BlackTeamCountry "CZE"]

1. d4 Nf6 2. c4 e6 3. Nf3 d5 4. Nc3 Be7 5. Bg5 Nbd7 6. e3 0-0 7. Bd3 dxc4 8. Bxc4 c5 9. 0-0 cxd4 10. exd4 a6 11. a4 Nb6 12. Bb3 Nbd5 13. Re1 b6 14. Nxd5 exd5 15. Ne5 Bb7 16. Rc1 h6 17. Bh4 g5 18. Bg3 Bb4 19. Re2 Rc8 20. Rec2 Rxc2 21. Qxc2 Bd6 22. Qf5 Re8 23. h4 Bxe5 24. Bxe5 Ne4 25. f3 Nd6 26. Qd3 Re6 27. Bc2 gxh4 28. Qh7+ Kf8 29. f4 Nc4 30. Bf5 Rc6 31. Re1 Nxe5 32. Qh8+ 1-0

[Event "CZE-chT2E 1314"]
[Site "Czech Republic"]
[Date "2014.02.02"]
[Round "7.3"]
[White "Sevcik, Vladimir"]
[Black "Markovic, Ivan1"]
[Result "1/2-1/2"]
[WhiteElo "2198"]
[BlackElo "2112"]
[PlyCount "66"]
[EventDate "2013.11.03"]
[EventType "team-tourn"]
[EventRounds "11"]
[EventCountry "CZE"]
[SourceTitle "EXT 2016"]
[Source "ChessBase"]
[SourceDate "2015.10.08"]
[SourceVersion "1"]
[SourceVersionDate "2015.10.08"]
[SourceQuality "1"]
[WhiteTeam "Brno Duras II"]
[BlackTeam "Hustopece"]
[WhiteTeamCountry "CZE"]
[BlackTeamCountry "CZE"]

1. d4 d6 2. e4 Nf6 3. Nc3 e5 4. dxe5 dxe5 5. Qxd8+ Kxd8 6. Bc4 Be6 7. Bxe6 fxe6 8. f3 Bd6 9. Be3 Nbd7 10. Nh3 a6 11. Ke2 Ke7 12. Rad1 h6 13. Nf2 b5 14. Rd2 Rad8 15. Rhd1 Nc5 16. Bxc5 Bxc5 17. Rxd8 Rxd8 18. Rxd8 Kxd8 19. Nd3 Bd6 20. Nd1 Nd7 21. b3 Bc5 22. b4 Bd6 23. N1b2 c5 24. bxc5 Bxc5 25. Kd2 Kc7 26. c3 Bd6 27. Kc2 Kb6 28. Kb3 Kc6 29. a4 Bc7 30. Nb4+ Kb6 31. N4d3 Kc6 32. Nb4+ Kb6 33. N4d3 Kc6 1/2-1/2

[Event "CZE-chT2E 1314"]
[Site "Czech Republic"]
[Date "2014.01.19"]
[Round "6.3"]
[White "Kopcil, Milan"]
[Black "Sevcik, Vladimir"]
[Result "1-0"]
[WhiteElo "2059"]
[BlackElo "2198"]
[PlyCount "97"]
[EventDate "2013.11.03"]
[EventType "team-tourn"]
[EventRounds "11"]
[EventCountry "CZE"]
[SourceTitle "EXT 2016"]
[Source "ChessBase"]
[SourceDate "2015.10.08"]
[SourceVersion "1"]
[SourceVersionDate "2015.10.08"]
[SourceQuality "1"]
[WhiteTeam "Napajedla"]
[BlackTeam "Brno Duras II"]
[WhiteTeamCountry "CZE"]
[BlackTeamCountry "CZE"]

1. e4 e5 2. Nc3 Nf6 3. f4 d5 4. fxe5 Nxe4 5. d3 Nxc3 6. bxc3 c5 7. Nf3 Be7 8. Be2 Nc6 9. 0-0 Be6 10. Qe1 h6 11. Rb1 Qc7 12. d4 g5 13. Be3 c4 14. h3 0-0-0 15. Nh2 h5 16. Qd1 Qa5 17. Bd2 g4 18. hxg4 hxg4 19. Bxg4 Rh7 20. Bxe6+ fxe6 21. Qg4 Qxa2 22. Qxe6+ Kc7 23. Qg6 Rdh8 24. Ra1 Qxa1 25. Rxa1 Rxh2 26. Kf2 Rf8+ 27. Ke2 Rhh8 28. Rg1 Nd8 29. Qg7 Nc6 30. Kd1 Rhg8 31. Qh6 Nd8 32. Qh7 Kd7 33. Qh3+ Ne6 34. g4 a5 35. g5 a4 36. Kc1 a3 37. Kb1 Rf2 38. Be3 Rff8 39. g6 b5 40. Ka2 b4 41. cxb4 Bxb4 42. Rb1 Rb8 43. Bc1 Be7 44. Rxb8 Rxb8 45. Qg4 Rg8 46. Qf5 Rf8 47. Qg4 Rf2 48. Bxa3 Rxc2+ 49. Kb1 1-0

[Event "CZE-chT2E 1314"]
[Site "Czech Republic"]
[Date "2013.12.01"]
[Round "3.3"]
[White "Sevcik, Vladimir"]
[Black "Kratochvil, Josef"]
[Result "1/2-1/2"]
[WhiteElo "2198"]
[BlackElo "2233"]
[PlyCount "75"]
[EventDate "2013.11.03"]
[EventType "team-tourn"]
[EventRounds "11"]
[EventCountry "CZE"]
[SourceTitle "EXT 2016"]
[Source "ChessBase"]
[SourceDate "2015.10.08"]
[SourceVersion "1"]
[SourceVersionDate "2015.10.08"]
[SourceQuality "1"]
[WhiteTeam "Brno Duras II"]
[BlackTeam "Lipovec Garde"]
[WhiteTeamCountry "CZE"]
[BlackTeamCountry "CZE"]

1. d4 g6 2. Nf3 Bg7 3. c4 c5 4. d5 d6 5. Nc3 Bxc3+ 6. bxc3 f5 7. Bg5 Nd7 8. e3 Qa5 9. Qc2 Ngf6 10. Bd3 Nb6 11. 0-0 Bd7 12. Nd2 Ng4 13. Rfe1 Ne5 14. e4 Nf7 15. Be3 Qa4 16. Qxa4 Nxa4 17. exf5 gxf5 18. Rac1 0-0-0 19. Bf4 Rde8 20. Re3 Rhg8 21. Bc2 Nb6 22. Rce1 Kd8 23. Rh3 Rg4 24. g3 Ne5 25. Bxe5 dxe5 26. Rxe5 Nxc4 27. Nxc4 Rxc4 28. Bxf5 Rxc3 29. Rxh7 Bxf5 30. Rxf5 Kd7 31. Rh4 b5 32. Re4 a5 33. Re6 b4 34. Ra6 Ra3 35. Ra7+ Kd6 36. Ra6+ Kd7 37. Ra7+ Kd6 38. Ra6+ 1/2-1/2

[Event "CZE-chT1E 1213"]
[Site "Czech Republic"]
[Date "2013.01.27"]
[Round "6.5"]
[White "Jedlicka, Ales"]
[Black "Sevcik, Vladimir"]
[Result "1-0"]
[WhiteElo "2224"]
[BlackElo "2230"]
[PlyCount "65"]
[EventDate "2012.10.21"]
[EventType "team-tourn"]
[EventRounds "11"]
[EventCountry "CZE"]
[SourceTitle "EXT 2014"]
[Source "ChessBase"]
[SourceDate "2013.11.20"]
[SourceVersion "1"]
[SourceVersionDate "2013.11.20"]
[SourceQuality "1"]
[WhiteTeam "Polabiny II"]
[BlackTeam "Brno Duras"]
[WhiteTeamCountry "CZE"]
[BlackTeamCountry "CZE"]

1. d4 d5 2. c4 c6 3. Nf3 Nf6 4. Nc3 a6 5. e3 b5 6. c5 g6 7. Bd2 Bg7 8. b4 Bg4 9. a4 Nbd7 10. Be2 0-0 11. 0-0 Qc7 12. Ra2 Qb7 13. Qb3 Ne4 14. Be1 Ndf6 15. h3 Be6 16. Ne5 Nxc3 17. Bxc3 Ne4 18. Nd3 bxa4 19. Rxa4 a5 20. Rb1 Nxc3 21. Qxc3 axb4 22. Raxb4 Qc8 23. Rb7 Re8 24. R1b6 Ra2 25. Bf1 Bd7 26. Nb4 Ra8 27. Na6 e5 28. Nc7 exd4 29. exd4 Ra4 30. Nxe8 Bxe8 31. Rb8 Qe6 32. Qb3 Rxd4 33. Rxe8+ 1-0

[Event "CZE-chT1E 1112"]
[Site "Czech Republic"]
[Date "2012.01.29"]
[Round "7"]
[White "Kratochvil, Josef"]
[Black "Sevcik, Vladimir"]
[Result "0-1"]
[WhiteElo "2233"]
[BlackElo "2247"]
[PlyCount "118"]
[EventDate "2011.10.02"]
[EventType "team-tourn"]
[EventRounds "11"]
[EventCountry "CZE"]
[SourceTitle "EXT 2013"]
[Source "ChessBase"]
[SourceDate "2012.11.22"]
[SourceVersion "1"]
[SourceVersionDate "2012.11.22"]
[SourceQuality "1"]
[WhiteTeam "Jihlava Gordic"]
[BlackTeam "Brno Duras"]
[WhiteTeamCountry "CZE"]
[BlackTeamCountry "CZE"]

1. e4 e6 2. d4 d5 3. Nd2 Be7 4. Bd3 c5 5. dxc5 Nf6 6. Qe2 0-0 7. Ngf3 a5 8. c4 dxe4 9. Nxe4 Nxe4 10. Bxe4 f5 11. Bc2 Nc6 12. Bf4 Bxc5 13. 0-0 Qf6 14. b3 Nd4 15. Nxd4 Bxd4 16. Rae1 Ra6 17. Be5 Bxe5 18. Qxe5 Qxe5 19. Rxe5 Rd8 20. Bd1 Rd2 21. Bf3 a4 22. Rc5 Bd7 23. bxa4 Bc6 24. Rb1 Rxa2 25. h4 R2xa4 26. Kh2 Kf8 27. Kg3 Ke7 28. Bxc6 bxc6 29. Re1 R4a5 30. Rce5 Rxe5 31. Rxe5 Ra4 32. c5 Rd4 33. Kh3 Kf6 34. Re2 Rc4 35. f3 Rxc5 36. g4 fxg4+ 37. fxg4 Rc3+ 38. Kg2 c5 39. Ra2 c4 40. Ra7 h6 41. g5+ hxg5 42. hxg5+ Kxg5 43. Rxg7+ Kf4 44. Kf2 Rc2+ 45. Ke1 Ke4 46. Kd1 Rh2 47. Rg4+ Kd5 48. Rg5+ e5 49. Rg4 e4 50. Rg5+ Kd4 51. Rg3 e3 52. Rg8 Rd2+ 53. Ke1 c3 54. Rd8+ Ke4 55. Re8+ Kf4 56. Rf8+ Kg5 57. Rg8+ Kf6 58. Rc8 c2 59. Rc3 Rd1+ 0-1

[Event "CZE-chT1E 1011"]
[Site "Czech Republic"]
[Date "2011.04.03"]
[Round "11.8"]
[White "Sveda, Jiri"]
[Black "Sevcik, Vladimir"]
[Result "0-1"]
[WhiteElo "1952"]
[BlackElo "2229"]
[PlyCount "56"]
[EventDate "2010.10.10"]
[EventType "team-tourn"]
[EventRounds "11"]
[EventCountry "CZE"]
[SourceTitle "EXT 2012"]
[Source "ChessBase"]
[SourceDate "2011.11.24"]
[SourceVersion "1"]
[SourceVersionDate "2011.11.24"]
[SourceQuality "1"]
[WhiteTeam "Litovel II"]
[BlackTeam "Brno Duras"]
[WhiteTeamCountry "CZE"]
[BlackTeamCountry "CZE"]

1. e4 e6 2. Qe2 c5 3. Nf3 Nc6 4. g3 g6 5. Bg2 Bg7 6. c3 Nge7 7. 0-0 0-0 8. Re1 d6 9. d3 b6 10. Nbd2 Ba6 11. Nf1 Ne5 12. Nxe5 dxe5 13. Rd1 Qd7 14. Ne3 Rad8 15. Bf1 f5 16. Nc2 fxe4 17. Qxe4 Bb7 18. Qh4 Qc6 19. f4 g5 20. Qxg5 Ng6 21. Ne1 Qh1+ 22. Kf2 Qxh2+ 23. Bg2 Bh6 24. Qg4 exf4 25. gxf4 Bxf4 26. Ke2 Bg3 27. Bg5 Bxg2 28. Qxe6+ Kg7 0-1

[Event "CZE-chT2D 1011"]
[Site "Czech Republic"]
[Date "2010.12.05"]
[Round "4"]
[White "Sevcik, Vladimir"]
[Black "Seitler, Andrej"]
[Result "1/2-1/2"]
[WhiteElo "2229"]
[BlackElo "2233"]
[PlyCount "85"]
[EventDate "2010.10.17"]
[EventType "team-tourn"]
[EventRounds "11"]
[EventCountry "CZE"]
[SourceTitle "EXT 2012"]
[Source "ChessBase"]
[SourceDate "2011.11.24"]
[SourceVersion "1"]
[SourceVersionDate "2011.11.24"]
[SourceQuality "1"]
[WhiteTeam "Brno Duras II"]
[BlackTeam "Brno Lokomotiva"]
[WhiteTeamCountry "CZE"]
[BlackTeamCountry "CZE"]

1. d4 Nf6 2. Nf3 g6 3. c4 Bg7 4. Nc3 0-0 5. e4 Na6 6. Be2 c5 7. d5 d6 8. 0-0 Nc7 9. Bf4 a6 10. a4 Rb8 11. h3 Bd7 12. e5 Nfe8 13. a5 b5 14. axb6 Rxb6 15. b3 Qb8 16. Ra3 Bf5 17. Na4 Rb7 18. Bd3 Bd7 19. Bc2 Qc8 20. Re1 Bf5 21. Kh2 Rb8 22. Qb1 Bd7 23. Nc3 Qb7 24. Ne4 Qb6 25. Ng3 e6 26. Be4 exd5 27. cxd5 Nb5 28. Ra1 Nc3 29. Qd3 Nxe4 30. Rxe4 Bb5 31. Qd2 dxe5 32. Bxe5 Nf6 33. Bxf6 Bxf6 34. Rd1 Rfd8 35. d6 Bc6 36. Rf4 Bxf3 37. Rxf3 Be5 38. Rd3 Bd4 39. Nf5 gxf5 40. Qg5+ Kh8 41. Rxd4 cxd4 42. Qf6+ Kg8 43. Qg5+ 1/2-1/2

[Event "CZE-chT2D 0910"]
[Site "Czech Republic"]
[Date "2010.04.18"]
[Round "11.1"]
[White "Buchnicek, Petr"]
[Black "Sevcik, Vladimir"]
[Result "1-0"]
[WhiteElo "2337"]
[BlackElo "2220"]
[PlyCount "115"]
[EventDate "2009.10.18"]
[EventType "team-tourn"]
[EventRounds "11"]
[EventCountry "CZE"]
[SourceTitle "EXT 2012"]
[Source "ChessBase"]
[SourceDate "2011.11.24"]
[SourceVersion "1"]
[SourceVersionDate "2011.11.24"]
[SourceQuality "1"]
[WhiteTeam "Trebic Caissa"]
[BlackTeam "Brno Duras II"]
[WhiteTeamCountry "CZE"]
[BlackTeamCountry "CZE"]

1. d4 Nf6 2. Bg5 g6 3. Bxf6 exf6 4. c4 f5 5. e3 d6 6. g3 Bg7 7. Nc3 0-0 8. Bg2 c6 9. Nge2 Nd7 10. 0-0 Nf6 11. b4 Bd7 12. Rb1 a6 13. a4 Rc8 14. Qd3 Be6 15. Nf4 Nd7 16. Rfc1 g5 17. Nxe6 fxe6 18. b5 Qa5 19. bxc6 bxc6 20. Rb7 Rfd8 21. Rcb1 Nc5 22. Rxg7+ Kxg7 23. dxc5 dxc5 24. Rb7+ Kf6 25. Qc2 Rc7 26. Rxc7 Qxc7 27. g4 a5 28. gxf5 exf5 29. Ne2 Qd6 30. Qc3+ Kg6 31. Ng3 Qd1+ 32. Nf1 Qxa4 33. Qe5 Rd1 34. Qe6+ Kg7 35. Qxf5 Qxc4 36. Qxg5+ Kf8 37. Qf6+ Qf7 38. Qxc6 Qf5 39. e4 Qg5 40. h4 Qxh4 41. Qxc5+ Kg7 42. Qxa5 Qf4 43. Qc3+ Kg6 44. e5 Rc1 45. Qd3+ Kg7 46. Qd7+ Kg6 47. Qe6+ Kg7 48. Qe7+ Kg6 49. Qd6+ Kg7 50. Qd7+ Kg6 51. Qd3+ Kg7 52. e6 Kf6 53. Bh3 Qg5+ 54. Kh2 Qe5+ 55. Ng3 Rc7 56. Kg2 Kg7 57. Nf5+ Kf6 58. Qd8+ 1-0

[Event "CZE-chT 0910"]
[Site "Czech Republic"]
[Date "2010.01.16"]
[Round "5.8"]
[White "Ponizil, Cyril"]
[Black "Sevcik, Vladimir"]
[Result "0-1"]
[WhiteElo "2304"]
[BlackElo "2220"]
[PlyCount "112"]
[EventDate "2009.11.07"]
[EventType "team-tourn"]
[EventRounds "11"]
[EventCountry "CZE"]
[SourceTitle "CBM 135 Extra"]
[Source "ChessBase"]
[SourceDate "2010.05.04"]
[SourceVersion "1"]
[SourceVersionDate "2010.05.04"]
[SourceQuality "1"]
[WhiteTeam "Zlin"]
[BlackTeam "Brno Duras"]
[WhiteTeamCountry "CZE"]
[BlackTeamCountry "CZE"]

1. e4 c5 2. Nf3 e6 3. Nc3 Nc6 4. d4 cxd4 5. Nxd4 d6 6. Be3 Nf6 7. Bc4 Be7 8. Qe2 0-0 9. 0-0-0 a6 10. Bb3 Qe8 11. f3 b5 12. g4 Bb7 13. h4 b4 14. Na4 Nxd4 15. Bxd4 Qb5 16. Qf2 Nd7 17. g5 Nc5 18. c4 bxc3 19. Nxc5 dxc5 20. Bxc3 c4 21. Qd4 Bf6 22. gxf6 cxb3 23. a4 Qe2 24. Qd3 Qxd3 25. Rxd3 g6 26. h5 Rfd8 27. Rxd8+ Rxd8 28. hxg6 hxg6 29. Bd2 Rc8+ 30. Kb1 a5 31. Bh6 Rc5 32. Bg7 Rh5 33. Rd1 Kh7 34. Kc1 g5 35. Rd7 Ba6 36. Rxf7 Be2 37. Ra7 Bxf3 38. Bf8+ Kg6 39. f7 Rh2 40. Bb4 Rc2+ 41. Kb1 Bxe4 42. f8N+ Kf5 43. Rxa5+ e5 44. Bd2 Rxd2+ 45. Kc1 Rd6 46. Ra7 Bf3 47. Rf7+ Ke4 48. Rd7 Rxd7 49. Nxd7 g4 50. Kd2 g3 51. Ke1 Kd4 52. Nf8 g2 53. Kf2 e4 54. Ne6+ Ke5 55. Nc5 e3+ 56. Kg1 Be4 0-1

[Event "CZE-chT 0910"]
[Site "Czech Republic"]
[Date "2009.11.08"]
[Round "2.8"]
[White "Obsivac, Josef"]
[Black "Sevcik, Vladimir"]
[Result "1-0"]
[WhiteElo "2300"]
[BlackElo "2220"]
[PlyCount "131"]
[EventDate "2009.11.07"]
[EventType "team-tourn"]
[EventRounds "11"]
[EventCountry "CZE"]
[SourceTitle "CBM 133 Extra"]
[Source "ChessBase"]
[SourceDate "2010.01.05"]
[SourceVersion "1"]
[SourceVersionDate "2010.01.05"]
[SourceQuality "1"]
[WhiteTeam "Grygov"]
[BlackTeam "Brno Duras"]
[WhiteTeamCountry "CZE"]
[BlackTeamCountry "CZE"]

1. d4 e6 2. c4 f5 3. g3 Nf6 4. Bg2 d5 5. Nf3 c6 6. b3 Bd6 7. 0-0 Qe7 8. Bb2 b6 9. Ne5 Bb7 10. e3 0-0 11. Nd2 Nbd7 12. Rc1 Rac8 13. Rc2 Rfd8 14. Qe2 Ba6 15. Rfc1 Bxe5 16. dxe5 Ng4 17. f4 Nc5 18. h3 Nh6 19. Ba3 Qd7 20. Bxc5 bxc5 21. Qe1 d4 22. Nf3 Qc7 23. Rd2 dxe3 24. Qxe3 Rxd2 25. Qxd2 Rd8 26. Qe1 Nf7 27. Rd1 Bc8 28. Rxd8+ Nxd8 29. Kf2 Nb7 30. Ke3 h6 31. g4 Qa5 32. Qxa5 Nxa5 33. Ne1 Bd7 34. Nd3 Nb7 35. b4 cxb4 36. Nxb4 Nd8 37. Nd3 Kf7 38. Bf3 g6 39. h4 Kg7 40. Kd4 Kf7 41. Nc5 Bc8 42. Nb3 Ke7 43. Na5 Kd7 44. Kc5 Bb7 45. g5 hxg5 46. fxg5 Ba8 47. h5 gxh5 48. g6 Ke7 49. Bxh5 Kf8 50. Kd6 Kg7 51. Kc7 c5 52. Kxd8 f4 53. Ke7 f3 54. Bxf3 Bxf3 55. Kxe6 Kxg6 56. Nb3 Be2 57. Kd5 Kf7 58. Nxc5 Ke7 59. Nb3 Bf3+ 60. Kc5 Bg2 61. Nd4 Kd7 62. Nb5 a6 63. Nd4 Bf1 64. a3 Bd3 65. Kd5 Bf1 66. e6+ 1-0

[Event "CZE-chT1E 0809"]
[Site "Czech Republic"]
[Date "2009.03.29"]
[Round "11.7"]
[White "Sevcik, Vladimir"]
[Black "Zimniok, Lubomir"]
[Result "1-0"]
[WhiteElo "2213"]
[BlackElo "2091"]
[PlyCount "89"]
[EventDate "2008.11.08"]
[EventType "tourn"]
[EventRounds "11"]
[EventCountry "CZE"]
[SourceTitle "EXT 2010"]
[Source "ChessBase"]
[SourceDate "2010.11.25"]
[SourceVersion "1"]
[SourceVersionDate "2010.11.25"]
[SourceQuality "1"]
[WhiteTeam "Brno Duras"]
[BlackTeam "Karvina"]
[WhiteTeamCountry "CZE"]
[BlackTeamCountry "CZE"]

1. d4 Nf6 2. c4 d6 3. Nf3 g6 4. Nc3 Bg7 5. e4 0-0 6. Be2 e5 7. 0-0 Nc6 8. d5 Ne7 9. Ne1 Nd7 10. Be3 f5 11. f3 f4 12. Bf2 g5 13. Rc1 Rf6 14. b4 Rh6 15. c5 Qe8 16. Nb5 Qh5 17. h4 Ng6 18. g4 fxg3 19. Bxg3 Nf4 20. Nxc7 Nxe2+ 21. Qxe2 gxh4 22. Bf2 Rb8 23. Kh1 b6 24. cxd6 Rxd6 25. Rg1 Nf8 26. Nd3 Rf6 27. Ne1 Bd7 28. Be3 Rg6 29. Rxg6 Nxg6 30. Ne6 Bh6 31. Rc7 Bxe6 32. dxe6 Bxe3 33. Qxe3 Nf4 34. e7 Qg6 35. Qb3+ Kh8 36. Rd7 Ne6 37. Qd5 Qg3 38. Rd8+ Rxd8 39. exd8Q+ Nxd8 40. Qxd8+ Kg7 41. Qe7+ Kg8 42. Qe6+ Kf8 43. Qf5+ Ke7 44. Nd3 Kd8 45. Qg4 1-0

[Event "CZE-chT1E 0809"]
[Site "Czech Republic"]
[Date "2008.11.29"]
[Round "4.7"]
[White "Kubicek, Antonin"]
[Black "Sevcik, Vladimir"]
[Result "0-1"]
[WhiteElo "2253"]
[BlackElo "2213"]
[PlyCount "148"]
[EventDate "2008.11.08"]
[EventType "tourn"]
[EventRounds "11"]
[EventCountry "CZE"]
[SourceTitle "EXT 2010"]
[Source "ChessBase"]
[SourceDate "2010.11.25"]
[SourceVersion "1"]
[SourceVersionDate "2010.11.25"]
[SourceQuality "1"]
[WhiteTeam "Litovel"]
[BlackTeam "Brno Duras"]
[WhiteTeamCountry "CZE"]
[BlackTeamCountry "CZE"]

1. d4 Nf6 2. Nf3 e6 3. Bf4 c5 4. c3 b6 5. e3 Be7 6. Nbd2 Bb7 7. Bd3 d5 8. Ne5 0-0 9. Qf3 Nbd7 10. Qh3 Rc8 11. Ndf3 Nxe5 12. Nxe5 g6 13. Bh6 Re8 14. Bb5 Ne4 15. f3 Nd6 16. Bxe8 Qxe8 17. 0-0 Nf5 18. Bf4 g5 19. g4 Nd6 20. Bg3 Ba6 21. Rfd1 f6 22. Nd3 Qg6 23. Bxd6 Bxd6 24. Ne1 Kg7 25. Rac1 Rh8 26. Rc2 h5 27. gxh5 Qf7 28. f4 Rxh5 29. Qf3 gxf4 30. Rg2+ Kf8 31. exf4 Rf5 32. Qh3 Bxf4 33. Nf3 Qh5 34. Qxh5 Rxh5 35. Kf2 Kf7 36. Rdg1 Rh7 37. Rd1 Bb7 38. Re1 Bc6 39. h4 Bb5 40. Rg4 Bd6 41. Ke3 Bf8 42. a4 Bd7 43. Rf1 Bh6+ 44. Ke2 Bxa4 45. Ng5+ Bxg5 46. hxg5 Rh2+ 47. Ke3 f5 48. g6+ Kg7 49. Rg3 Bb5 50. Ra1 a6 51. Kf4 Rh4+ 52. Ke5 f4 53. Rf3 Kxg6 54. Rg1+ Kf7 55. Rxf4+ Rxf4 56. Kxf4 cxd4 57. cxd4 a5 58. Ke5 Bd3 59. Rc1 Bc4 60. Rc3 a4 61. Rf3+ Ke7 62. Rf6 b5 63. Rxe6+ Kd7 64. Rh6 Kc7 65. Rh7+ Kc6 66. Rh8 Kc7 67. Ke6 b4 68. Rh3 Kc6 69. Rg3 Kc7 70. Ke5 Kc6 71. Rg6+ Kc7 72. Rg7+ Kb6 73. Rg3 Kc6 74. Ke6 Kc7 0-1

[Event "CZE-chT1E 0809"]
[Site "Czech Republic"]
[Date "2008.11.02"]
[Round "2.7"]
[White "Sojka, Ales"]
[Black "Sevcik, Vladimir"]
[Result "1/2-1/2"]
[WhiteElo "2119"]
[BlackElo "2213"]
[PlyCount "83"]
[EventDate "2008.11.08"]
[EventType "tourn"]
[EventRounds "11"]
[EventCountry "CZE"]
[SourceTitle "EXT 2010"]
[Source "ChessBase"]
[SourceDate "2010.11.25"]
[SourceVersion "1"]
[SourceVersionDate "2010.11.25"]
[SourceQuality "1"]
[WhiteTeam "Kromeriz "]
[BlackTeam "Brno Duras"]
[WhiteTeamCountry "CZE"]
[BlackTeamCountry "CZE"]

1. e4 e5 2. Nf3 Nc6 3. Bc4 Nf6 4. d3 Bc5 5. Bg5 h6 6. Be3 d6 7. c3 0-0 8. Nbd2 a6 9. Bxc5 dxc5 10. Qe2 b5 11. Bb3 Qd6 12. Nh4 Rd8 13. Bc2 g6 14. Rd1 Nh5 15. g3 Ng7 16. 0-0 Bh3 17. Ng2 Ne6 18. Qe3 g5 19. f3 Rd7 20. Rf2 Rad8 21. Nf1 Kg7 22. Rfd2 Na5 23. Qe2 Qb6 24. Qf2 c4 25. Qxb6 cxb6 26. dxc4 Rxd2 27. Rxd2 Rxd2 28. Nxd2 Bxg2 29. Kxg2 Nxc4 30. Nxc4 bxc4 31. Kf2 Nc5 32. Ke3 f6 33. Kf2 Kf8 34. Ke3 Ke7 35. Ke2 b5 36. Ke3 Kd6 37. f4 Ke6 38. fxg5 fxg5 39. Kf3 Kf6 40. Ke3 Kf7 41. Kf3 Kf6 42. Ke3 1/2-1/2

[Event "CZE-chT1E 0809"]
[Site "Czech Republic"]
[Date "2008.10.19"]
[Round "1.7"]
[White "Folk, Petr"]
[Black "Sevcik, Vladimir"]
[Result "0-1"]
[WhiteElo "2199"]
[BlackElo "2213"]
[PlyCount "124"]
[EventDate "2008.11.08"]
[EventType "tourn"]
[EventRounds "11"]
[EventCountry "CZE"]
[SourceTitle "EXT 2010"]
[Source "ChessBase"]
[SourceDate "2010.11.25"]
[SourceVersion "1"]
[SourceVersionDate "2010.11.25"]
[SourceQuality "1"]
[WhiteTeam "Rychnov nad Kneznou"]
[BlackTeam "Brno Duras"]
[WhiteTeamCountry "CZE"]
[BlackTeamCountry "CZE"]

1. e4 e5 2. Nf3 Nc6 3. Bb5 a6 4. Ba4 Nf6 5. 0-0 Be7 6. Re1 b5 7. Bb3 d6 8. c3 0-0 9. h3 Na5 10. Bc2 c5 11. d4 Nd7 12. Nbd2 exd4 13. cxd4 Nc6 14. d5 Nce5 15. Nxe5 Nxe5 16. a4 Rb8 17. axb5 axb5 18. f4 Ng6 19. Nf3 Bh4 20. Rf1 Bg3 21. f5 Ne5 22. Ng5 Nd7 23. Qg4 Be5 24. Nf3 Bf6 25. Qh5 c4 26. Kh1 b4 27. Bg5 b3 28. Bb1 Qc7 29. Bxf6 Nxf6 30. Qh4 c3 31. bxc3 Qxc3 32. Ra7 Ba6 33. Re1 Bd3 34. Qf4 Bxb1 35. Rxb1 Qd3 36. Nd2 Nh5 37. Qg5 Ng3+ 38. Kh2 Nxe4 39. Nxe4 Qxe4 40. f6 Qg6 41. Qxg6 hxg6 42. Ra3 Rb5 43. Rbxb3 Rxd5 44. fxg7 Kxg7 45. Kg3 Rg5+ 46. Kf3 Rf5+ 47. Ke4 Re8+ 48. Kd4 Ree5 49. Ra6 Rf4+ 50. Kd3 Rf2 51. Rxd6 Rxg2 52. Kd4 Re1 53. Rd3 Rge2 54. Ra6 Re6 55. Raa3 Rd6+ 56. Kc5 Rxd3 57. Rxd3 Re8 58. Kc6 f5 59. Rd7+ Kf6 60. h4 f4 61. Rd5 Re6+ 62. Kd7 Re5 0-1

[Event "CZE-chT1E 0607"]
[Site "Czech Republic"]
[Date "2007.03.18"]
[Round "10.8"]
[White "Sevcik, Vladimir"]
[Black "Vesely, Martin"]
[Result "1/2-1/2"]
[WhiteElo "2246"]
[BlackElo "2163"]
[PlyCount "37"]
[EventDate "2006.10.15"]
[EventType "team-tourn"]
[EventRounds "11"]
[EventCountry "CZE"]
[SourceTitle "EXT 2008"]
[Source "ChessBase"]
[SourceDate "2007.11.25"]
[SourceVersion "1"]
[SourceVersionDate "2007.11.25"]
[SourceQuality "1"]

1. d4 Nf6 2. c4 c5 3. d5 b5 4. cxb5 a6 5. bxa6 Bxa6 6. g3 g6 7. Bg2 d6 8. Nf3 Bg7 9. Nc3 0-0 10. 0-0 Nbd7 11. Rb1 Qa5 12. Qc2 Rfb8 13. b3 Ng4 14. Bb2 Nde5 15. Nxe5 Nxe5 16. Na4 Bb5 17. Nc3 Ba6 18. Na4 Bb5 19. Nc3 1/2-1/2

[Event "CZE-chT2d 0607"]
[Site "Czech Republic"]
[Date "2006.12.15"]
[Round "5"]
[White "Sevcik, Vladimir"]
[Black "Bednar, Jakub"]
[Result "1-0"]
[WhiteElo "2246"]
[BlackElo "2082"]
[PlyCount "93"]
[EventDate "2006.10.15"]
[EventType "team-tourn"]
[EventRounds "11"]
[EventCountry "CZE"]
[SourceTitle "EXT 2009"]
[Source "ChessBase"]
[SourceDate "2008.11.26"]
[SourceVersion "1"]
[SourceVersionDate "2008.11.26"]
[SourceQuality "1"]

1. d4 d5 2. Nf3 Nf6 3. c4 c6 4. e3 Bf5 5. Nc3 e6 6. Nh4 Bg4 7. Qb3 Qb6 8. h3 Bh5 9. g4 Bg6 10. Nxg6 hxg6 11. Bg2 Nbd7 12. Bd2 Be7 13. g5 Ng8 14. h4 Qxb3 15. axb3 f5 16. Ke2 Bd6 17. f4 Ne7 18. Rh3 Bb4 19. Nxd5 exd5 20. Bxb4 Nb6 21. Kd3 Kf7 22. Bf3 a6 23. Rah1 Rae8 24. h5 Kg8 25. Bd6 Nec8 26. Be5 dxc4+ 27. bxc4 Nd7 28. hxg6 Rxh3 29. Rxh3 Nxe5+ 30. fxe5 Re6 31. d5 Rxg6 32. Rg3 cxd5 33. Bxd5+ Kf8 34. Rh3 Nb6 35. Rh8+ Ke7 36. Rb8 Nd7 37. Rxb7 Kd8 38. Kd4 Rxg5 39. Bc6 Nf8 40. Kd5 Rg6 41. Rb8+ Ke7 42. Re8+ Kf7 43. Ra8 Rg2 44. Ra7+ Kg6 45. e6 Nxe6 46. Kxe6 Rxb2 47. Be8+ 1-0

[Event "Brno Trade op-A"]
[Site "Brno"]
[Date "2005.09.04"]
[Round "9"]
[White "Sevcik, Vladimir"]
[Black "Beil, Martin"]
[Result "1-0"]
[WhiteElo "2251"]
[BlackElo "2199"]
[PlyCount "49"]
[EventDate "2005.08.28"]
[EventType "swiss"]
[EventRounds "9"]
[EventCountry "CZE"]
[SourceTitle "CBM 108 Extra"]
[Source "ChessBase"]
[SourceDate "2005.11.04"]
[SourceVersion "1"]
[SourceVersionDate "2005.11.04"]
[SourceQuality "1"]

1. Nf3 e6 2. c4 Nf6 3. Nc3 d5 4. d4 c6 5. e3 Nbd7 6. Bd3 dxc4 7. Bxc4 b5 8. Bd3 a6 9. e4 c5 10. d5 Nb6 11. dxe6 Bxe6 12. e5 Nfd5 13. 0-0 Be7 14. Qe2 0-0 15. Rd1 Qc7 16. Bg5 Nxc3 17. bxc3 Bc4 18. Bxc4 Nxc4 19. e6 Bxg5 20. Nxg5 Qe7 21. Rd5 f6 22. Rd7 Qe8 23. Nf3 Ne5 24. Nxe5 Qxe6 25. Qg4 1-0